[Event "City of Adelaide"]
[Site "Adelaide"]
[Date "1999.09.07"]
[Round "8.2"]
[White "Kerr, Bill"]
[Black "Thiyagarajah, Anand"]
[Result "0-1"]
[WhiteElo "1912"]
[BlackElo "1115"]
[Annotator "Fritz 5.00"]
[PlyCount "66"]
[EventDate "1999.07.20"]
[EventType "swiss"]
[EventRounds "9"]
[EventCountry "AUS"]

1. Nf3 d5 2. c4 d4 3. b4 {Reti Opening} a5 (3... e6 4. Bb2 c5 5. g3 Nh6 6. Ne5
Qc7 7. Qa4+ Nd7 8. Nd3 b5 9. Qxb5 Bb7 10. Rg1 cxb4 11. Ne5 Rd8 12. Nxd7 Rxd7
13. Bxd4 a6 14. Qe5 Qxc4 15. Bb2 Be7 16. Qb8+ Rd8 17. Qxb7 Qc2 {
0-1 Spangenberg,H-Granda Zuniga,J/Buenos Aires Najdorf 1996/TUR 96}) (3... g6
4. g3 (4. Bb2 Bg7 5. d3 e5 6. Nbd2 a5 7. a3 Ne7 8. g3 b6 9. Bg2 Bb7 10. O-O O-O
11. Re1 c5 12. Qb3 Qc7 13. e3 axb4 14. axb4 Rxa1 15. Rxa1 $2 dxe3 16. fxe3 cxb4
17. Qxb4 Nf5 18. Re1 Na6 19. Qc3 Nc5 20. Qc2 $2 Rd8 21. Bf1 e4 $1 22. dxe4 Nxg3
$1 23. Bxg7 Nxf1 24. Ba1 Nxh2 $1 25. Nxh2 Qg3+ 26. Kf1 Qxh2 27. Qc3 f6 {
0-1 Gulko,B-Nikolic,P/Reykjavik WCup 1991/[Horn,Pe]}) 4... Bg7 5. d3 e5 6. Bg2
Ne7 7. Na3 (7. Nbd2 O-O 8. O-O h6 9. a4 Re8 10. Ba3 Nd7 11. Qc2 Nf8 12. b5 Be6
13. Nb3 b6 14. Nfd2 Rc8 15. Rfc1 Nh7 16. a5 h5 17. axb6 axb6 18. Nf3 {
1/2-1/2 Ribli,Z-Hort,V/Dortmund 1986/CBM 01}) 7... O-O 8. Nc2 a5 9. b5 c5 10.
bxc6 Nexc6 11. O-O Re8 12. Rb1 Bf8 13. Nd2 Na6 14. Ne4 $146 Be7 15. a3 f5 16.
Nd2 Nc5 17. Bd5+ Kh8 18. Nf3 Bf6 19. Rb5 Ne6 20. Bd2 Ra7 $2 21. Qa1 $1 Qc7 $2
22. e3 $1 $36 Qg7 23. exd4 e4 24. dxe4 fxe4 25. Ne5 Nxe5 26. dxe5 Bxe5 27. Qc1
Bd7 28. Bh6 Qf6 29. Rb6 $1 Ra6 30. Rxa6 bxa6 31. Be3 Bb2 32. Qb1 Nc7 33. Bg5 $6
Qg7 34. Bh6 Qf6 35. Bg5 Qg7 36. Bh6 Qf6 37. Ne3 Bxa3 38. Qb7 $6 Nxd5 $2 39.
Qxd7 {1-0 Granda Zuniga,J-Nikolic,P/Hoogovens 1997/CBM 57/[Horn,Pe]}) 4. Bb2
$146 (4. b5 c5 5. g3 g6 6. d3 Bg7 7. Bg2 e5 (7... Nh6 8. Nbd2 b6 9. Ne5 Ra7 10.
Nc6 Nxc6 11. bxc6 O-O 12. Nb1 e5 13. Bxh6 Bxh6 14. Na3 f5 15. Rb1 e4 16. dxe4
fxe4 17. Bxe4 Bh3 18. Qd3 Qf6 19. f3 Re7 20. Rxb6 Rfe8 21. Kd1 Rxe4 22. fxe4 {
Phominyh,A-Meister,Y/Katowice op 1993/TD 93\03/0-1 (34)}) 8. O-O Ne7 9. Bg5 h6
10. Bd2 O-O 11. Na3 Ra7 12. Ne1 f5 13. f4 Nd7 14. Nac2 b6 15. fxe5 Nxe5 16. Nf3
Ng4 17. h3 Nf6 18. Qe1 Nh5 19. Rd1 Qd6 20. Bf4 Nxf4 21. gxf4 Qxf4 22. Nfxd4
Bxd4+ 23. Nxd4 Qxd4+ {
0-1 Reales Murto,M-Gomez Esteban,J/Sevilla op 1994/TD 94\02}) 4... axb4 5. Nxd4
c5 6. Nb3 {The knight blocks b4} e6 7. a3 bxa3 {Black advances the passed pawn}
8. Rxa3 Rxa3 9. Bxa3 b6 {Covers a5} 10. e3 Nf6 11. Be2 Bd6 12. Nc3 Ba6 13. O-O
O-O 14. Qb1 Nc6 15. f4 Qc7 16. Rf3 Ne7 17. Rh3 e5 $14 (17... Ng6 18. Bb2 $11)
18. fxe5 Bxe5 19. d4 Bd6 20. Bd3 {Pawn h7, live or die!} h6 21. Bb2 $17 (21.
Nb5 $142 $5 {should be considered} Bxb5 22. cxb5 $15) 21... Bc8 $11 (21... Ng4
$142 $5 22. Qf1 f5 $17) 22. Rh4 $4 $19 {a transit from better to worse} (22.
Nb5 Qb8 23. Rh4 $15) 22... Ng4 23. Bh7+ Kh8 24. h3 $2 (24. Ne4 Bxh2+ $1 {
a brilliant end} 25. Kh1 $19) 24... Bh2+ 25. Kf1 Nxe3+ 26. Ke2 Nxg2 27. Re4 g6
(27... f5 $142 {and Black has prevailed} 28. Nb5 Qb7 29. dxc5 Kxh7 30. Rd4 Nf4+
31. Rxf4 Bxf4 32. Kf2 $19) 28. dxc5 (28. Nb5 {is not the saving move} Qg3 29.
dxc5+ Kxh7 $19) 28... Kxh7 29. cxb6 (29. Nb5 {is no salvation} Qd7 30. cxb6
Qxh3 $19) 29... Nf4+ 30. Kf3 (30. Rxf4 {is not much help} Qxf4 31. Qe4 Qg5 $19)
30... Qd7 {Do you see the mate threat?} 31. Rxe7 (31. Qf1 {
is still a small chance} Bb7 32. Nc5 $19) 31... Qxe7 (31... Qxh3+ 32. Ke4 Bf5+
33. Kd4 Bxb1 34. Kc5 Nd3+ 35. Kb5 Nxb2 36. Na5 Qxc3 37. Rd7 Ba2 38. Rc7 Nxc4
39. Rxc4 Bxc4+ 40. Nxc4 Qb3+ 41. Kc5 Rc8+ 42. Kd4 Rxc4+ 43. Kd5 Qd3#) 32. Nd4
Bb7+ 33. Kf2 {White threatens to counter with Nd5} Qh4+ $19 (33... Qh4+ 34. Ke3
Re8+ 35. Kd2 Qf2+ 36. Nce2 Qe3+ 37. Kd1 Nxe2 38. Ne6 Rxe6 39. c5 Bf3 40. Kc2
Qxc5+ 41. Kb3 Rxb6+ 42. Ka2 Ra6+ 43. Ba3 Qxa3#) (33... Bg3+ $1 34. Kxg3 Qe3+
35. Kg4 h5+ 36. Kg5 f6+ 37. Kh4 Qxh3#) 0-1

[Event "City of Adelaide"]
[Site "Adelaide"]
[Date "1999.09.07"]
[Round "8.3"]
[White "Hester, David"]
[Black "Rigo, Bernard"]
[Result "0-1"]
[WhiteElo "1623"]
[BlackElo "1694"]
[Annotator "Fritz 5.00"]
[PlyCount "55"]
[EventDate "1999.07.20"]
[EventType "swiss"]
[EventRounds "9"]
[EventCountry "AUS"]

1. d4 f5 2. g3 g6 3. Bg2 Nf6 4. c4 Bg7 {Dutch Defence (Leningrad System)} 5.
Nc3 O-O 6. Nf3 d6 7. O-O Qe8 8. d5 a5 (8... Na6 9. Rb1 (9. Nd4 Bd7 10. Rb1 (10.
a4 c6 11. a5 Rd8 12. Ra3 e5 13. dxe6 Bxe6 14. Nxe6 Qxe6 15. Qb3 Nc5 16. Qb4 Rf7
17. Rd1 Bf8 18. Bg5 Re8 19. a6 Rc8 20. Bxf6 Qxf6 21. Nd5 cxd5 22. axb7 Rb8 23.
Rxa7 dxc4 24. Ra8 Rbxb7 25. Bxb7 Rxb7 26. Qxc4+ Qf7 27. Qd4 Ne6 28. Qxd6 Rxb2 {
1/2-1/2 Boensch,U-Lutz,C/BL9697 Porz-Empor Berlin 1997/BL9697}) 10... c6 11.
dxc6 bxc6 12. b4 Rc8 13. a3 c5 14. Nf3 cxb4 15. axb4 Be6 16. Nd2 Rb8 17. Ba3
Qd7 18. Qa4 Qxa4 19. Nxa4 Bd7 20. Nc3 Rfc8 21. Rfc1 Kf7 22. e3 Ng4 23. h3 Nf6
24. Bf1 Rb6 25. c5 dxc5 26. b5 Nb4 27. Na4 Rd6 28. Nxc5 Na2 29. Nxd7 Rxc1 30.
Ne5+ Ke8 31. Bxc1 Ne4 32. Ndc4 Rd1 33. b6 axb6 {
1-0 Huzman,A-Kobalija,M/Vienna op 1996/EXP 53}) 9... Nc5 10. b4 Nce4 11. Nb5
Qd8 12. Qb3 a5 13. a3 c6 14. dxc6 bxc6 15. Nbd4 Qe8 16. c5+ Kh8 17. Ng5 a4 18.
Qc2 e5 19. Ndf3 h6 20. Nxe4 fxe4 21. Ne1 d5 22. h3 g5 23. g4 Ba6 24. Bb2 Qe6
25. Qd2 h5 26. f3 hxg4 27. fxg4 Ng8 28. Nc2 Rf4 29. Rfd1 Ne7 30. Bf1 Ng6 31.
Ne3 d4 32. Ng2 e3 33. Nxf4 Nxf4 34. Qe1 Qd5 35. Bc1 Qe4 36. Rd3 Nxd3 37. exd3
Bxd3 38. Bg2 Qg6 39. b5 e4 40. Qg3 Rf8 41. h4 gxh4 42. Qxh4+ Qh6 43. Qg3 Qf4
44. Qh3+ Kg8 45. g5 Qxg5 46. Qe6+ Kh7 47. Qh3+ Qh6 48. Qg4 Qg6 {
0-1 Skomorokhin,R-Tseshkovsky,V/Novgorod op 1995/EXP 49}) 9. Nd4 Na6 10. h3
$146 {Prevents intrusion on g4} (10. b3 Bd7 (10... Nc5 11. Ncb5 Qd8 12. Bb2 g5
13. Qc2 Ng4 14. a3 e5 15. dxe6 c6 16. Nxf5 Rxf5 17. Bxg7 Kxg7 18. Nxd6 Rf6 19.
Nf7 Rxf7 20. exf7 Qf6 21. h3 Nh6 22. f8=B+ Qxf8 23. b4 Ne6 24. c5 Qf6 25. Rad1
axb4 26. axb4 Nf7 27. e3 Nc7 28. f4 Be6 29. fxg5 Qe5 30. Qf2 Nxg5 {
1/2-1/2 Schneider,A-Lenz,A/Budapest Schneider mem op 1991/TD 91\05}) 11. Bb2 g5
12. e3 f4 13. exf4 gxf4 14. Ne6 Bxe6 15. dxe6 c6 16. Ne2 fxg3 17. hxg3 Ng4 18.
Bh3 Bxb2 19. Bxg4 Bxa1 20. Qxa1 Qg6 21. Bh3 Qh5 {
0-1 Lukacs,P-Szabolcsi,J/Budapest Autoteam 1991/EXP 26}) (10. Rb1 Bd7 11. b3 c6
12. Bb2 Nc7 13. dxc6 bxc6 14. Nf3 c5 15. a4 Bc6 16. Nb5 Ne6 17. Ne1 f4 18. Bxf6
Rxf6 19. Bxc6 Qxc6 20. Nf3 fxg3 21. fxg3 Qe4 22. Qd3 Qg4 23. Qd5 Raf8 24. Nc3
R6f7 25. Qd2 Rxf3 26. exf3 Qd4+ 27. Qxd4 Bxd4+ 28. Kg2 Bxc3 29. f4 Bf6 30. Kf3
Nd4+ 31. Ke4 Rb8 32. Kd5 Kf7 33. Rfe1 Nc2 34. Re2 Na3 35. Rbe1 Rxb3 36. g4 Rd3+
37. Kc6 h6 38. Kd7 e5 39. Rf1 Nxc4 40. g5 exf4 41. gxh6 Ne5+ 42. Kc7 g5 43. Kb6
Nc4+ 44. Kb5 Ne3 {Tunik,G-Malaniuk,V/Novgorod op 1995/EXP 49/0-1 (54)}) (10. f3
e5 11. dxe6 Bxe6 12. b3 Nc5 13. Bb2 Bf7 14. Qd2 Qe7 15. Rad1 Rae8 16. Ncb5 a4
17. Qc3 axb3 18. axb3 Nh5 19. Qc2 c6 20. Na3 Qe3+ 21. Rf2 f4 22. Bc1 Qe5 23. g4
Nf6 24. Bb2 Nfd7 25. Bc3 Qe7 26. b4 Ne6 27. Nxe6 Bxe6 28. Bxg7 Kxg7 29. e4 fxe3
30. Re2 d5 31. Qc3+ Qf6 32. Rd4 Kg8 33. Rxe3 Ne5 34. c5 Bxg4 35. f4 Nf7 36. Nc2
Nh6 37. Rxe8 Rxe8 38. b5 Nf5 39. Rd3 Qxc3 40. Rxc3 d4 41. Ra3 Re2 42. bxc6 bxc6
43. Nb4 Re1+ 44. Kf2 Rc1 {
Tcebekov,K-Hoang Thang Trang/Budapest FS05 IM 1996/EXP 52/1/2-1/2 (76)}) (10.
Be3 h6 11. f3 Bd7 12. Qd2 Kh7 13. Bf2 c6 14. Rfe1 Nc7 15. e4 fxe4 16. Nxe4 Nxe4
17. Rxe4 cxd5 18. cxd5 Nxd5 19. Ne6 Bxe6 20. Rxe6 Nc7 21. Re2 Qd8 22. f4 e5 23.
fxe5 Bxe5 24. Be3 Bg7 25. Bb6 Qd7 26. Rae1 Rf7 27. Qd3 Ra6 28. Bxc7 Qxc7 29.
Bd5 Rf5 30. Kg2 Re5 31. Rf1 Rb6 32. b3 Qe7 33. Rxe5 Qxe5 34. Rf7 Rb4 35. Bc4 b5
{0-1 Bezman,V-Tolstikh,N/Alushta op 1993/TD 93\07}) 10... Bd7 11. Be3 c6 {
Secures b5} 12. dxc6 $11 (12. Nb3 Nb8 $14) 12... bxc6 {Consolidates b5} 13. Qc2
e5 14. Nf3 e4 {Black gains space} 15. Nd4 Qf7 16. b3 Rac8 $14 (16... c5 17.
Ndb5 d5 18. cxd5 Nxd5 19. Rad1 Nxe3 20. fxe3 $11) 17. Qd2 Nh5 18. Bh6 Nc5 19.
Bxg7 Qxg7 20. e3 {Controls f4} g5 21. Nde2 Rf6 $14 (21... f4 22. exf4 gxf4 23.
Qxd6 $11 (23. gxf4 Bxh3 24. Ng3 Bxg2 (24... Nxg3 $6 25. fxg3 Qxg3 26. Rae1 $19)
(24... Nxf4 $6 25. Bxh3 Nxh3+ 26. Kh2 $19) 25. Kxg2 Nxf4+ 26. Kg1 Qh6 27. Ncxe4
Nxe4 28. Nxe4 Rce8 29. Qxd6 Qh3 30. Qxf4 Rxf4 31. Ng3 Re3 32. Rfe1 Rxg3+ 33.
fxg3 Qxg3+ 34. Kh1 Rh4#)) 22. g4 $15 (22. Rfb1 $5 $14 {
might be a viable alternative}) 22... fxg4 23. hxg4 Bxg4 24. Nxe4 Nxe4 25. Bxe4
Qc7 26. Ng3 $15 (26. Nd4 Bd7 $11) 26... Rcf8 27. Nxh5 Bxh5 28. Rad1 $2 $19 (28.
f4 $142 {and White hangs on} gxf4 29. exf4 $15) 0-1

[Event "City of Adelaide"]
[Site "Adelaide"]
[Date "1999.09.07"]
[Round "8.4"]
[White "Sheldrick, Kevin"]
[Black "Vitols, Wassim"]
[Result "1-0"]
[WhiteElo "1860"]
[BlackElo "904"]
[Annotator "Fritz 5.00"]
[PlyCount "37"]
[EventDate "1999.07.20"]
[EventType "swiss"]
[EventRounds "9"]
[EventCountry "AUS"]

1. e4 c5 2. Nc3 Nc6 3. g3 g6 4. Bg2 Bg7 5. d3 d6 {
Sicilian Defence (Closed System)} 6. f4 f5 7. Nf3 (7. Nd5 e6 8. Ne3 Nf6 9. Ne2
O-O 10. O-O Qc7 11. h3 Nd4 12. g4 Nxe2+ 13. Qxe2 Bd7 14. Bf3 fxe4 15. dxe4 Bc6
16. Qg2 Nd7 17. Nd1 Rf7 18. g5 Nb6 19. Bg4 Qe7 20. Nc3 Raf8 21. a4 Nc4 {
Kristiansen,J-Radulov,I/Luzern olm 1982/BIG 80/1/2-1/2 (66)}) (7. exf5 gxf5 8.
Qh5+ Kf8 9. Nf3 Nf6 10. Qh4 Nb4 11. Kd1 Bd7 12. Re1 Rb8 13. Bd2 Nc6 14. Re2 Nd4
15. Nxd4 cxd4 16. Nd5 e6 17. Nxf6 Bxf6 18. Qh6+ Bg7 19. Qh3 Qb6 20. b3 Re8 21.
Bf3 h5 {Borngaesser,R-Vandrey,W/Dortmund op-A 1992/TD 92\03/0-1 (49)}) 7...
fxe4 $146 (7... e5 8. fxe5 dxe5 9. exf5 Bxf5 10. Bg5 Qd7 11. Ne4 Qc7 12. Nfd2
h6 13. Be3 b6 14. Qf3 Nge7 15. g4 Bxe4 16. Qxe4 O-O 17. O-O-O Rad8 18. Nf3 Nd4
19. Bxd4 cxd4 20. Rde1 Rc8 21. Qe2 Nc6 22. a3 b5 23. Nh4 Ne7 24. Be4 Kh7 25.
Rhf1 Bf6 26. Nf3 a5 27. h4 b4 28. axb4 axb4 29. h5 Qa5 30. hxg6+ Kg7 31. Rh1
Qa1+ 32. Kd2 Qxb2 33. Rc1 Qc3+ 34. Kd1 b3 35. g5 hxg5 36. Rh7+ Kg8 37. Rxe7
bxc2+ 38. Qxc2 Qxc2+ 39. Rxc2 Rxc2 40. Kxc2 Bxe7 41. Nxe5 Kg7 42. Nc6 Bd6 43.
Nxd4 Rf6 {1/2-1/2 Maseyczik,I-Smith,V/Thessaloniki olw 1984/BIG 80}) (7... Nf6
8. O-O O-O 9. Kh1 Kh8 10. Be3 Be6 (10... Bd7 11. Bg1 Rc8 12. Re1 b6 13. exf5
gxf5 14. d4 cxd4 15. Nxd4 Nxd4 16. Bxd4 Bc6 17. Bxc6 Rxc6 18. Qd3 Qd7 19. Re2
e6 20. Rae1 d5 21. Bxf6 Bxf6 22. Nd1 Qf7 23. Nf2 Rfc8 24. c3 Rd6 25. Qa6 Rc4
26. Nd3 Qd7 27. Qa3 Kg7 28. g4 fxg4 29. Ne5 Bxe5 30. fxe5 Rdc6 31. Rf1 Rc8 32.
Ref2 R4c7 33. Rf4 h5 34. Rf6 {1-0 Shchekachev,A-Ksieski,Z/Moscow2 1991/EXP 21})
11. Qd2 Qd7 12. Bg1 Rae8 13. b3 b6 14. Rae1 Bg8 15. Re2 e5 16. exf5 gxf5 17.
Nh4 Nd4 18. Ree1 Bh6 19. Nd1 Ng4 20. c3 Nc6 21. Ne3 Ne7 22. Qd1 exf4 23. gxf4
Be6 24. d4 Rg8 25. dxc5 bxc5 26. Nc4 Bxc4 27. bxc4 Nf6 28. Qd3 Ng6 29. Qxf5
Qxf5 30. Nxf5 Bxf4 31. Rd1 Re6 32. Bh3 Rge8 33. Ng3 R6e7 34. Nf5 Re6 35. Rb1
Ne4 36. Rb7 Rf6 37. Rxa7 Ref8 38. Ne3 Be5 39. Rxf6 Bxf6 40. a4 Bxc3 41. Bf5 Ng5
42. a5 Bd4 43. Bxg6 hxg6 44. a6 Nf3 45. Rb7 Ne5 46. a7 Nc6 47. Rc7 Bxe3 48.
Rxc6 Bf4 49. Rb6 d5 50. Rf6 {1-0 Castro,O-Antunes,A/Moscow olm 1994/EXP 44}) 8.
Nxe4 (8. dxe4 Bxc3+ 9. bxc3 Qa5 $15) 8... Bg4 (8... d5 9. Nf2 $11) 9. h3 Bxf3
10. Qxf3 Nd4 (10... d5 11. Ng5 Nd4 12. Qd1 $14) 11. Qd1 d5 12. Ng5 Nf6 (12...
Qd6 13. O-O $14) 13. c3 Nc6 14. Ne6 Qd6 15. Qe2 Kf7 16. Ng5+ Kg8 (16... Kf8 $5
$16) 17. Be3 $14 (17. Qe6+ $142 $5 Qxe6+ 18. Nxe6 $16) 17... h6 $2 $18 (17...
b6 $142 $14 {is a viable option}) 18. Bxc5 $1 {
White has to consider giving back material} Qxc5 $4 {
the final mistake, not that it matters anymore} (18... Qd7 19. Qe6+ Qxe6+ 20.
Nxe6 Rc8 $18) 19. Qe6+ (19. Qe6+ Kf8 20. Qf7#) 1-0

[Event "City of Adelaide"]
[Site "Adelaide"]
[Date "1999.09.07"]
[Round "8.5"]
[White "Kramer, Warren"]
[Black "Yang, Song"]
[Result "0-1"]
[WhiteElo "1349"]
[BlackElo "1387"]
[Annotator "Fritz 5.00"]
[PlyCount "90"]
[EventDate "1999.07.20"]
[EventType "swiss"]
[EventRounds "9"]
[EventCountry "AUS"]

1. d4 Nf6 2. c4 g6 3. Nc3 Bg7 4. e4 d6 {King's Indian Defence} 5. Bd3 O-O 6. f3
(6. Nge2 Nc6 (6... a6 7. O-O Nfd7 8. Bc2 c5 9. Be3 Nc6 10. h3 Rb8 11. a4 Qa5
12. Qd2 cxd4 13. Nxd4 Nde5 14. b3 Bxh3 15. f4 Ng4 16. Nxc6 bxc6 17. Nd5 Qd8 18.
gxh3 Nxe3 19. Nxe3 Bxa1 20. Rxa1 e5 21. Ng2 Qe7 22. Rd1 Rfd8 {
1/2-1/2 Farago,I-Lanka,Z/Regensburg op 1996/EXP 50}) 7. O-O e5 (7... Nd7 8. Bc2
e5 9. d5 Nd4 10. Nxd4 exd4 11. Nb5 Nb6 12. Nxd4 Nxc4 13. Rb1 Re8 14. b3 Ne5 15.
Bb2 c5 16. dxc6 bxc6 17. f3 Ba6 18. Rf2 Qb6 19. f4 Nd7 20. e5 Rad8 21. Qf3 dxe5
22. Nxc6 Bb7 23. Be4 Bxc6 24. Bxc6 e4 25. Bxe4 Bxb2 26. Rbxb2 Nf6 {
0-1 Haik,A-Groszpeter,A/Candas op 1996/EXP 51}) 8. d5 Nd4 9. Nxd4 exd4 10. Ne2
Re8 11. f3 Nd7 12. Bf4 Nc5 13. b4 Na6 14. Rb1 c5 15. bxc5 Nxc5 16. Bc2 f5 17.
Nxd4 fxe4 18. Nb5 Bf8 19. fxe4 a6 20. Nd4 Bg7 21. Kh1 Qc7 22. Re1 Rf8 23. Bg3
Bd7 24. Qd2 Rae8 25. Nb3 Be5 26. Nxc5 Qxc5 27. Rxb7 Bxg3 28. hxg3 Re5 29. Bd1
Bc8 30. Rb8 g5 31. Kh2 Qa7 32. Qb4 Qe7 33. Qb6 g4 34. Kg1 Qf6 35. Qe3 Qg6 36.
c5 dxc5 37. Qxc5 Rxe4 38. Rxe4 Qxe4 39. Rxc8 {
1-0 Conquest,S-Atalik,S/Hastings9596 1996/TUR 96}) 6... e5 7. d5 Nbd7 8. Nge2
Nc5 $146 (8... c6 9. O-O Nc5 10. Be3 Bd7 11. b4 Nxd3 12. Qxd3 cxd5 13. cxd5 Nh5
14. a3 Qe7 15. Qd2 Rfc8 16. Rac1 b6 17. Rc2 Rc7 18. Rfc1 Rac8 19. Na2 Ba4 20.
Rxc7 Qxc7 21. Rxc7 Rxc7 22. Qc3 Rxc3 23. Naxc3 {
Fahrenholz,N-Morhart,M/GER-chJW U20 qual3 1995/1-0 (48)}) 9. Bc2 a5 10. O-O Ne8
11. Be3 f5 {The thematic attack} 12. Qd2 $11 (12. exf5 gxf5 13. Bf2 Qg5 $14)
12... f4 {Black gains space} 13. Bxc5 $15 (13. Bf2 Qg5 $11) 13... dxc5 14. Rad1
Nd6 {The black knight is safe in front of d5} 15. Qd3 g5 16. Ba4 h5 {
Black plans g4} 17. Nb5 g4 $14 {Attacks the pawn chain} (17... Nxb5 18. Bxb5
Qd6 19. Nc3 $11) 18. Nec3 $11 (18. fxg4 $5 hxg4 19. Nec3 $11) 18... Rf6 19.
Nxd6 $15 (19. Kh1 g3 $11) 19... cxd6 ({Not} 19... Qxd6 20. Nb5 Qb6 21. Nxc7
Qxc7 22. d6 $16) 20. fxg4 $15 (20. Ne2 Rg6 $11) 20... Bxg4 $11 (20... hxg4 $5
21. Rd2 Rh6 $15) 21. Rd2 Rg6 22. Bd1 Qh4 23. Bxg4 $11 (23. Nb5 Bd7 $14) 23...
Qxg4 $14 (23... hxg4 24. Nb5 $15) 24. Qf3 Qg5 25. Nb5 {The idea is Nc3-b5-c7-e6
} Rf8 26. Nc7 Rf7 27. Ne6 {'the knight is the knight!'} Qh6 28. Rdf2 h4 29. Qh3
Bf6 30. b3 $14 (30. Rf3 Bh8 $16) 30... Be7 31. Kh1 Qh8 32. Qc3 b6 33. Rf3 Rff6
34. a3 Rg3 35. Rxg3+ $11 (35. Re1 Rfg6 36. Rxg3 hxg3 $11) 35... hxg3 {
Threatening mate: Qxh2} 36. h3 Rh6 {Do you see the mate threat?} 37. Nxf4 $17 (
37. Kg1 $142 $11 {and White has air to breath}) 37... exf4 38. Qxh8+ Kxh8 39.
Rxf4 Rf6 $17 (39... Bf6 $142 $5 $19) 40. Rf3 Rxf3 {The mate threat is Rf1} 41.
gxf3 Bf6 $15 (41... Bg5 $142 $19 {and Black gets the upper hand}) 42. Kg2 $2
$19 (42. f4 $142 $15 {would allow White to play on}) 42... Be5 43. a4 (43. Kg1
$19 {the only chance to get some counterplay}) 43... Kg7 44. Kg1 Kg6 45. Kg2
Kg5 (45... Kg5 46. Kg1 Kh4 $19) 0-1

[Event "City of Adelaide"]
[Site "Adelaide"]
[Date "1999.09.14"]
[Round "9.3"]
[White "Yang, Song"]
[Black "Thiyagarajah, Anand"]
[Result "1-0"]
[WhiteElo "1387"]
[BlackElo "1115"]
[Annotator "Fritz 5.00"]
[PlyCount "49"]
[EventDate "1999.07.20"]
[EventType "swiss"]
[EventRounds "9"]
[EventCountry "AUS"]

1. e4 e5 2. f4 d5 {Falkbeer Counter Gambit} 3. exd5 exf4 4. Nf3 Qxd5 (4... Nf6
5. Bb5+ (5. Bc4 Nxd5 6. O-O Be7 (6... Be6 7. Bb3 Bd6 (7... Be7 8. c4 Nb6 9. d4
Nxc4 10. Bxf4 c6 11. Qe2 b5 12. a4 a6 13. axb5 cxb5 14. Nc3 Nc6 15. Rad1 Bd5
16. Ne5 N6xe5 17. Bxe5 f6 18. Rxf6 Nxe5 19. Nxd5 gxf6 20. dxe5 Kf8 21. Kh1 Rc8
22. Nxf6 Qa5 23. Qh5 Rc4 24. Qe8+ {
1-0 Hector,J-Ziatdinov,R/Antwerpen op 1994/TD 94\02}) 8. c4 Nb6 9. d4 Nxc4 10.
Qe2 b5 11. Nc3 c6 12. a4 O-O 13. axb5 Ne3 14. Bxe3 Bxb3 15. Bf2 Re8 16. Qd3 Bd5
17. bxc6 Bxc6 18. d5 Bb7 19. Qb5 Qd7 20. Rfe1 Rd8 21. Qd3 h6 22. Ra4 a5 23. Bb6
Rc8 24. Rae4 Na6 25. Ne5 Nb4 26. Qf3 Bxe5 27. Rxe5 Qd6 28. Bf2 Rd8 29. Qxf4 Qg6
30. R1e3 Nd3 31. Rxd3 Qxd3 32. Re3 Qc2 33. Re7 Bxd5 34. Nxd5 Qd1+ 35. Re1 Qxd5
36. Re7 Qb3 {0-1 Rechel,B-Ziatdinov,R/Groningen op 1993/EXP 38}) 7. d4 O-O 8.
Bxd5 Qxd5 9. Bxf4 c5 10. Nc3 Qc4 11. Qe1 Bf6 12. Bd6 Bxd4+ 13. Kh1 Rd8 14. Ne4
f5 15. Qh4 Nc6 16. Ne5 Bxe5 17. Nf6+ Bxf6 18. Qxc4+ Kh8 19. Bxc5 Ne5 20. Qe2 b6
21. Be7 Bxe7 22. Qxe5 Bf6 23. Qc7 h6 24. Rae1 Ba6 25. Rxf5 Bxb2 26. h3 Rdc8 27.
Qe7 Bc4 28. Qb4 Bd4 29. Re4 a5 30. Qd2 Bb2 31. Rh5 Rc6 32. Rxc4 Rxc4 33. Rxh6+
gxh6 34. Qxh6+ Kg8 35. Qe6+ {1-0 Gallagher,J-Balashov,Y/Lenk op 1991/TD 91\08})
5... c6 6. dxc6 Nxc6 7. d4 Bd6 8. O-O O-O 9. Nbd2 Bg4 10. Nc4 Bxf3 11. Rxf3 Bc5
12. Bxc6 Qxd4+ 13. Qxd4 Bxd4+ 14. Kf1 bxc6 15. Bxf4 Nd5 16. Rd1 Bf6 17. Be5 Bg5
18. Bd4 Rfd8 19. Bc5 h6 20. Rfd3 Bf6 21. g3 Re8 22. Re1 Rxe1+ 23. Kxe1 Re8+ 24.
Kf2 Re4 25. b3 a6 26. a4 h5 27. Ne3 Nc3 28. Kf3 Re6 29. Rd6 Ne4 30. Rxe6 Ng5+
31. Ke2 Nxe6 32. Bb6 Kf8 33. Nc4 Ke7 34. Bf2 {
1/2-1/2 Renet,O-Van der Sterren,P/Budel zt 1987/CBM 03}) 5. Nc3 (5. d4 Nf6 6.
Be2 Be7 7. Bxf4 c6 8. O-O O-O 9. c4 Qd8 10. Nc3 Bg4 11. d5 cxd5 12. cxd5 Bd6
13. Bg5 Nbd7 14. Kh1 Qb6 15. Na4 Qa5 16. a3 Rac8 17. Nc3 a6 18. Qd2 Rfe8 19.
Bd3 h6 {Shulman,Y-Kula,R/Katowice op 1995/EXP 47/1-0 (36)}) 5... Qd8 6. Bc4 Bg4
(6... Bd6 7. O-O Bg4 8. d4 h6 9. Qe1+ Ne7 10. Ne5 Bh5 11. Bxf4 f6 12. Qh4 fxe5
13. Bxe5 Bg6 14. Bxg7 Kd7 15. Qg4+ Kc6 16. d5+ Kb6 17. Qd4+ Ka5 18. Bxh8 Nd7
19. b4+ Bxb4 20. Qg4 Qxh8 21. Qxd7 Qd4+ 22. Kh1 Qxc4 23. Qa4+ Kb6 24. Rab1 a5
25. a3 Qxc3 26. axb4 Bxc2 27. bxa5+ Ka7 28. Qb4 Qxb4 29. Rxb4 Nxd5 30. Rh4 Rh8
31. Rc1 Bg6 32. Rg4 Be8 33. Rd4 Bc6 34. Kg1 Ka6 35. Rc5 Ne3 36. Kf2 Nxg2 37.
Rxc6+ bxc6 38. Kxg2 Kxa5 39. Kf3 Re8 40. Kg4 Re6 41. Kf5 {
Jorgensen,S-Lindholt,M/Copenhagen PC 1996/EXP 54/0-1 (64)}) 7. Bxf7+ $146 {
White gets the initiative} (7. d3 Qe7+ 8. Kf2 Qc5+ 9. Kf1 Qh5 10. Qe1+ Be7 11.
Ne5 Nh6 12. Nd5 O-O 13. Nxe7+ Kh8 14. Nd5 Nc6 15. Nxg4 Nxg4 16. Bxf4 Nd4 17.
Qd2 Rae8 18. Nc3 c6 19. Re1 b5 20. Bb3 b4 21. Ne4 f5 {
Lauer,D-Busse,A/Klinge-U20 1993/GER 04/0-1 (38)}) 7... Kxf7 8. Ne5+ Ke8 (8...
Ke6 $5 9. Nxg4 Qh4+ 10. Nf2 Nf6 $14) 9. Qxg4 (9. Nxg4 $6 Qe7+ 10. Qe2 Nc6 $14)
9... Nf6 $4 $18 {sad, but how else could Black save the game?} (9... Nh6 $142
10. Qxf4 c6 $18) 10. Qe6+ (10. Qxf4 $6 {is clearly inferior} Bc5 $16) 10... Qe7
11. Qc8+ Qd8 12. Qxd8+ Kxd8 13. Nf7+ Ke8 14. Nxh8 Nc6 (14... g5 15. g4 fxg3 16.
hxg3 $18) 15. Nb5 Rc8 (15... Bd6 {doesn't get the cat off the tree} 16. O-O Ke7
17. Re1+ Kf8 18. d3 $18) 16. O-O (16. Kd1 {and White can already relax} Be7 17.
Re1 a6 $18) 16... Bc5+ 17. Kh1 g5 (17... a6 {does not help much} 18. d4 Bb6 19.
Na3 $18) 18. c3 (18. b4 {might be the shorter path} Be7 $18) 18... a6 19. d4
Be7 20. Na3 Ne4 (20... Kf8 21. h4 gxh4 22. c4 $18) 21. Nc4 Nd8 (21... Rd8 {
hardly improves anything} 22. a4 $18) 22. Bd2 (22. Ne5 $142 $5 {
makes it even easier for White} Nf6 23. h4 Nh5 $18) 22... b5 (22... Nxd2 {
does not win a prize} 23. Nxd2 Bf6 24. Ne4 Bxh8 25. Nxg5 $18) 23. Rae1 Nf6 24.
Ne5 Kf8 (24... Ng8 {does not solve anything} 25. g3 Kf8 26. gxf4 $18) 25. Nhg6+
(25. Nhg6+ hxg6 26. Nxg6+ Kf7 27. Nxe7 $18) 1-0